| 000 | 00741nam0a22002531 4500 | ||
|---|---|---|---|
| 001 | rc\151161 | ||
| 005 | 20250620210834.0 | ||
| 010 |
_a5-697-00032-4 _920000 |
||
| 035 | _a(NLR Aleph) 005419392 | ||
| 090 |
_a7458908 _c7458908 |
||
| 100 | _a20030307d1996 |||y0rusy50 ca | ||
| 101 | 0 | _arus | |
| 102 | _aRU | ||
| 105 | _ay ||||||||| | ||
| 200 | 1 |
_aКоролевство грез _eРоман _fДжудит Макнот _g[Пер. с англ. Е.В. Нетесовой] |
|
| 210 |
_aМ. _cТКО "АСТ" _d1996 |
||
| 215 |
_a526, [1] с. _d22 |
||
| 225 | 1 | _aОчарование | |
| 700 | 1 |
_aМакнот _bД. _gДжудит |
|
| 801 | 0 |
_aRU _bNLR _gpsbo |
|
| 801 | 1 |
_aRU _bELAR _2rusmarc |
|
| 852 |
_aNLR _j97-3/24 |
||
| 942 | _cBOOK | ||
| 980 | _aNB | ||